Normal view
MARC view
Entry Topical Term
001 - CONTROL NUMBER
- control field: 9403
003 - CONTROL NUMBER IDENTIFIER
- control field: BD-RjUL
005 - DATE AND TIME OF LATEST TRANSACTION
- control field: 20231008162315.0
008 - FIXED-LENGTH DATA ELEMENTS
- fixed length control field: 231008|| aca||aabn | a|a d
040 ## - CATALOGING SOURCE
- Original cataloging agency: BD-RjUL
- Transcribing agency: BD-RjUL
150 ## - HEADING--TOPICAL TERM
- Topical term or geographic name entry element: Ayurvedic medicine
- Form subdivision: Pharmacology and therapeutics
670 ## - SOURCE DATA FOUND
- Source citation: Work cat.: (BD-RjUL)82061: Khatoon, Rahima Akther 9402, The role of ayurvedic medicine in the treatment of eczema. /, 2013